| 000 | 00549cab a2200217 4500 | ||
|---|---|---|---|
| 001 | X328 | ||
| 008 | 090401t1993 xxu||||| |||| 00| 0 eng d | ||
| 035 | _a(Sirsi) u65127 | ||
| 041 | _aeng | ||
| 100 | _aYoung, M.S. | ||
| 245 | _aDrums along the efficient frontier | ||
| 260 | _c1993 | ||
| 350 | _a0 | ||
| 490 |
_aReal Estate Review _v22(4) Winter 1993, 18-29(12) |
||
| 650 | _aINVESTMENT | ||
| 650 | _aPORTFOLIO THEORY | ||
| 690 | _aPROPERTY-PROPERTY FINANCE AND INVESTMENT | ||
| 700 | _aGreig, D.W. | ||
| 942 | _n0 | ||
| 948 | _c04/03/1997 | ||
| 999 |
_c40599 _d40599 |
||